[Event "21. Torneo San Viator 2013"]
[Site "Madrid ESP"]
[Date "2013.10.20"]
[Round "5.44"]
[White "Guillo Longares, Cecilia"]
[Black "Saribekyan, Garnik"]
[Result "0-1"]
[WhiteElo "1376"]
[BlackElo "1693"]
[PlyCount "66"]
[EventDate "2013.09.29"]
[EventType "swiss"]
[EventRounds "9"]
[EventCountry "ESP"]
[SourceTitle "Ajedrez en Madrid"]
[Source "lmi"]
[SourceDate "2013.09.29"]
[SourceVersion "1"]
[SourceVersionDate "2013.12.25"]
[SourceQuality "1"]

1. c4 f5 2. Nc3 Nf6 3. g3 g6 4. Bg2 Bg7 5. Nf3 O-O 6. O-O d6 7. d4 Nc6 8. Bf4
Nh5 9. Bc1 a6 10. e3 Nf6 11. Bd2 e5 12. Re1 e4 13. Ng5 Bd7 14. f3 exf3 15. Nxf3
Re8 16. Rf1 Na5 17. b3 c5 18. Nh4 Ng4 19. Nd5 cxd4 20. Bxa5 Qxa5 21. exd4 Bc6
22. h3 Ne3 23. Nxe3 Rxe3 24. d5 Bxa1 25. dxc6 Be5 26. cxb7 Rb8 27. g4 Qb6 28.
Qd5+ Kg7 29. Kh1 f4 30. Qe6 Rxb7 31. Bxb7 Qxb7+ 32. Ng2 Rxh3+ 33. Kg1 Bd4+ 0-1

[Event "21. Torneo San Viator 2013"]
[Site "Madrid ESP"]
[Date "2013.10.20"]
[Round "5.45"]
[White "Sancho Castiello, Federico"]
[Black "Algaba Traspuesto, Jose Antoni"]
[Result "1-0"]
[WhiteElo "2140"]
[BlackElo "1693"]
[PlyCount "63"]
[EventDate "2013.09.29"]
[EventType "swiss"]
[EventRounds "9"]
[EventCountry "ESP"]
[SourceTitle "Ajedrez en Madrid"]
[Source "lmi"]
[SourceDate "2013.09.29"]
[SourceVersion "1"]
[SourceVersionDate "2013.12.25"]
[SourceQuality "1"]

1. e4 e6 2. d4 d5 3. Nd2 Nf6 4. e5 Nfd7 5. Bd3 c5 6. c3 Nc6 7. Ne2 Qb6 8. Nf3
cxd4 9. cxd4 Bb4+ 10. Bd2 Bxd2+ 11. Qxd2 Qb4 12. Rc1 Qxd2+ 13. Kxd2 Nb6 14. b3
Bd7 15. Bb1 Ke7 16. Ne1 h6 17. Nd3 Rhc8 18. Nc5 Nd8 19. f4 Be8 20. Rc3 Rc6 21.
f5 Nd7 22. Rhc1 Rac8 23. Na4 Rxc3 24. Naxc3 a6 25. Nxd5+ exd5 26. Rxc8 Nb6 27.
Rc7+ Kf8 28. Nf4 Bc6 29. e6 fxe6 30. fxe6 Kg8 31. e7 Nf7 32. Rxc6 1-0

[Event "21. Torneo San Viator 2013"]
[Site "Madrid ESP"]
[Date "2013.10.20"]
[Round "5.46"]
[White "Loncomilla Sanhueza, Ernesto"]
[Black "Garcia Chica, Eva Maria"]
[Result "0-1"]
[WhiteElo "1683"]
[BlackElo "1644"]
[PlyCount "112"]
[EventDate "2013.09.29"]
[EventType "swiss"]
[EventRounds "9"]
[EventCountry "ESP"]
[SourceTitle "Ajedrez en Madrid"]
[Source "lmi"]
[SourceDate "2013.09.29"]
[SourceVersion "1"]
[SourceVersionDate "2013.12.25"]
[SourceQuality "1"]

1. e4 g6 2. d4 Bg7 3. Nf3 c6 4. Be3 d5 5. e5 Bg4 6. Be2 e6 7. Nbd2 Ne7 8. Nb3
Nd7 9. Qd2 Nf5 10. Bf4 O-O 11. O-O-O b5 12. h3 Bxf3 13. Bxf3 a5 14. g4 Ne7 15.
Bh6 a4 16. Bxg7 Kxg7 17. Nc5 Nxc5 18. dxc5 Qa5 19. a3 Rfb8 20. Qxa5 Rxa5 21. c3
Rf8 22. Be2 f5 23. f3 f4 24. Rh2 g5 25. h4 h6 26. hxg5 hxg5 27. Rdh1 Ng6 28.
Rh7+ Kg8 29. R7h5 Kf7 30. Rxg5 Rh8 31. Rxh8 Nxh8 32. Bd3 Ra8 33. Kd2 Rg8 34.
Rxg8 Kxg8 35. Bxb5 cxb5 36. c6 Ng6 37. c7 Ne7 38. Kd3 Kf8 39. Kd4 Ke8 40. Kc5
Kd7 41. Kb6 Kc8 42. Kxb5 Ng6 43. Kxa4 Nxe5 44. g5 Ng6 45. Kb3 e5 46. Kc2 e4 47.
fxe4 dxe4 48. Kd2 Ne5 49. Ke2 Kxc7 50. b4 Kd7 51. a4 Ng4 52. g6 Ke6 53. a5 f3+
54. Ke1 e3 55. a6 f2+ 56. Kf1 Nh2+ 0-1

[Event "21. Torneo San Viator 2013"]
[Site "Madrid ESP"]
[Date "2013.10.20"]
[Round "5.47"]
[White "Vicente Minarro, Pedro"]
[Black "Martin Garcia, Francisco Javie"]
[Result "0-1"]
[WhiteElo "1556"]
[BlackElo "1676"]
[PlyCount "66"]
[EventDate "2013.09.29"]
[EventType "swiss"]
[EventRounds "9"]
[EventCountry "ESP"]
[SourceTitle "Ajedrez en Madrid"]
[Source "lmi"]
[SourceDate "2013.09.29"]
[SourceVersion "1"]
[SourceVersionDate "2013.12.25"]
[SourceQuality "1"]

1. d4 Nf6 2. c4 c5 3. d5 b5 4. e4 Nxe4 5. Qf3 Qa5+ 6. Bd2 Nxd2 7. Nxd2 d6 8.
Bd3 bxc4 9. Bxc4 Ba6 10. Bxa6 Nxa6 11. Qd1 g6 12. Ngf3 Bg7 13. Rb1 O-O 14. O-O
Rab8 15. Nc4 Qc7 16. a3 Qd7 17. Re1 Nc7 18. b4 cxb4 19. axb4 Na6 20. Qe2 Nxb4
21. Qxe7 Qxe7 22. Rxe7 Nxd5 23. Reb7 Rxb7 24. Rxb7 Rc8 25. Nfd2 Be5 26. Rxa7
Nf4 27. Rd7 d5 28. Ne3 d4 29. Nef1 Ne2+ 30. Kh1 Rc2 31. Nf3 Rc1 32. N3d2 Bf4
33. Re7 Bxd2 0-1

[Event "21. Torneo San Viator 2013"]
[Site "Madrid ESP"]
[Date "2013.10.27"]
[Round "6.1"]
[White "Gil Sierra, Jacinto"]
[Black "Nunez Miranda, Adrian"]
[Result "0-1"]
[WhiteElo "2041"]
[BlackElo "2006"]
[PlyCount "58"]
[EventDate "2013.09.29"]
[EventType "swiss"]
[EventRounds "9"]
[EventCountry "ESP"]
[SourceTitle "Ajedrez en Madrid"]
[Source "lmi"]
[SourceDate "2013.09.29"]
[SourceVersion "1"]
[SourceVersionDate "2013.12.25"]
[SourceQuality "1"]

1. e4 d6 2. d4 Nf6 3. Bd3 e5 4. c3 d5 5. dxe5 dxe4 6. Bb5+ c6 7. Qxd8+ Kxd8 8.
Ba4 Ng4 9. Bf4 Bc5 10. Nh3 Nd7 11. Nd2 e3 12. fxe3 Ndxe5 13. Ke2 Nxe3 14. Bxe3
Bg4+ 15. Nf3 Bxe3 16. Kxe3 Nxf3 17. Nf2 Ne5 18. Kf4 Re8 19. Nxg4 Nxg4 20. Bxc6
bxc6 21. Kxg4 Re2 22. Kf3 Rxb2 23. Rhe1 Rd2 24. Rab1 Rd7 25. Rb4 Kc7 26. Reb1
Rad8 27. Ra4 Kd6 28. Rd1+ Kc5 29. Rxa7 Rxd1 0-1

[Event "21. Torneo San Viator 2013"]
[Site "Madrid ESP"]
[Date "2013.10.27"]
[Round "6.2"]
[White "Iturbide Arnedo, Oscar"]
[Black "Camarero Izquierdo, Juan Carlo"]
[Result "1-0"]
[WhiteElo "2159"]
[BlackElo "1893"]
[PlyCount "139"]
[EventDate "2013.09.29"]
[EventType "swiss"]
[EventRounds "9"]
[EventCountry "ESP"]
[SourceTitle "Ajedrez en Madrid"]
[Source "lmi"]
[SourceDate "2013.09.29"]
[SourceVersion "1"]
[SourceVersionDate "2013.12.25"]
[SourceQuality "1"]

1. e4 c5 2. Nc3 d6 3. g3 e6 4. Bg2 Be7 5. d3 a6 6. f4 b5 7. Nf3 Bb7 8. O-O b4
9. Ne2 Nf6 10. h3 O-O 11. g4 c4 12. Be3 a5 13. Ng3 cxd3 14. cxd3 Na6 15. g5 Nd7
16. Rf2 Nac5 17. h4 f5 18. exf5 exf5 19. Nd4 Bxg2 20. Rxg2 g6 21. h5 Re8 22.
hxg6 hxg6 23. Qf3 Nb6 24. Ndxf5 gxf5 25. Qh5 Bf8 26. Qg6+ Bg7 27. Nxf5 Ra7 28.
Bd4 Ne6 29. Bf6 Ree7 30. Nxg7 Nxg7 31. Qxg7+ Rxg7 32. Bxd8 Nd5 33. Bf6 Rh7 34.
Rf1 Rh5 35. Bd4 Rah7 36. g6 Rh1+ 37. Kf2 Rxf1+ 38. Kxf1 Rh1+ 39. Kf2 Nxf4 40.
Rg3 Rh2+ 41. Ke3 Ne2 42. Rg5 Nxd4 43. Kxd4 a4 44. Ra5 a3 45. bxa3 Rh4+ 46. Ke3
bxa3 47. Rxa3 Rg4 48. Ra7 Rxg6 49. Re7 Kf8 50. Re4 Rg1 51. Kd4 Rg5 52. a4 Ra5
53. Kc3 d5 54. Rd4 Ke7 55. Kb4 Ra8 56. Rxd5 Ke6 57. Rb5 Kd6 58. a5 Rd8 59. d4
Kc6 60. Rc5+ Kb7 61. Kc4 Rh8 62. d5 Rh4+ 63. Kb5 Rh1 64. a6+ Kb8 65. d6 Rf1 66.
Kc6 Kc8 67. a7 Ra1 68. Kb6+ Kd7 69. Ra5 Rb1+ 70. Ka6 1-0

[Event "21. Torneo San Viator 2013"]
[Site "Madrid ESP"]
[Date "2013.10.27"]
[Round "6.3"]
[White "Garcia Galeote, Lorenzo"]
[Black "Renteria, Jorge"]
[Result "0-1"]
[WhiteElo "1987"]
[BlackElo "2323"]
[PlyCount "76"]
[EventDate "2013.09.29"]
[EventType "swiss"]
[EventRounds "9"]
[EventCountry "ESP"]
[SourceTitle "Ajedrez en Madrid"]
[Source "lmi"]
[SourceDate "2013.09.29"]
[SourceVersion "1"]
[SourceVersionDate "2013.12.25"]
[SourceQuality "1"]

1. d4 d6 2. c4 e5 3. Nc3 exd4 4. Qxd4 Nc6 5. Qd2 Nf6 6. g3 Be6 7. b3 d5 8. cxd5
Nxd5 9. Bg2 Bb4 10. Bb2 Qf6 11. Bxd5 Bxd5 12. Qe3+ Kf8 13. f3 Re8 14. Qd3 Rd8
15. Qe3 Be6 16. Kf1 Qe7 17. Ne4 h6 18. a3 Ba5 19. Qc5 Bb6 20. Qxe7+ Nxe7 21. b4
Nf5 22. Rc1 Ne3+ 23. Ke1 Nc4 24. Rc2 Ne3 25. Rc1 f6 26. Nc5 Bxc5 27. Rxc5 Rd1+
28. Kf2 Nc4 29. Bc3 c6 30. b5 cxb5 31. Rxb5 b6 32. e3 Kf7 33. a4 Rc8 34. Be1
Bd7 35. Rb3 Bxa4 36. Rc3 b5 37. Ke2 Rcd8 38. Nh3 b4 0-1

[Event "21. Torneo San Viator 2013"]
[Site "Madrid ESP"]
[Date "2013.10.27"]
[Round "6.4"]
[White "Tirado Parra, Alberto"]
[Black "Perez Calahorra, Ricardo"]
[Result "1-0"]
[WhiteElo "1937"]
[BlackElo "2126"]
[PlyCount "97"]
[EventDate "2013.09.29"]
[EventType "swiss"]
[EventRounds "9"]
[EventCountry "ESP"]
[SourceTitle "Ajedrez en Madrid"]
[Source "lmi"]
[SourceDate "2013.09.29"]
[SourceVersion "1"]
[SourceVersionDate "2013.12.25"]
[SourceQuality "1"]

1. Nf3 Nf6 2. g3 c5 3. c4 Nc6 4. d4 cxd4 5. Nxd4 e5 6. Nb5 d6 7. N1c3 a6 8. Na3
Bg4 9. Bg5 Be7 10. Bg2 Rb8 11. O-O Qd7 12. Nc2 O-O 13. Ne3 Be6 14. Qd2 b5 15.
cxb5 axb5 16. Bxf6 Bxf6 17. Ned5 Be7 18. Rfd1 Rfd8 19. Rac1 f5 20. Nxb5 Rxb5
21. Rxc6 Bxd5 22. Bxd5+ Kh8 23. Rdc1 Rc5 24. b4 Rxc1+ 25. Qxc1 Rb8 26. Qc4 f4
27. Be6 Qd8 28. b5 fxg3 29. hxg3 Bf8 30. a4 h5 31. Rc8 Rxc8 32. Bxc8 d5 33. Qc6
Qd6 34. Qe8 g6 35. b6 Kg7 36. b7 Qb8 37. Qd7+ Kf6 38. Qxd5 Qd6 39. Qb5 Qb8 40.
a5 Bd6 41. a6 e4 42. Qc6 Ke5 43. e3 Qa7 44. Qc3+ Kd5 45. Qa5+ Kc6 46. Qc3+ Kb6
47. Qd4+ Bc5 48. Qd8+ Kb5 49. b8=Q+ 1-0

[Event "21. Torneo San Viator 2013"]
[Site "Madrid ESP"]
[Date "2013.10.27"]
[Round "6.5"]
[White "Cabanas Bravo, Juan Andres"]
[Black "Madurga Lopez, Ignacio"]
[Result "1-0"]
[WhiteElo "2089"]
[BlackElo "2074"]
[PlyCount "93"]
[EventDate "2013.09.29"]
[EventType "swiss"]
[EventRounds "9"]
[EventCountry "ESP"]
[SourceTitle "Ajedrez en Madrid"]
[Source "lmi"]
[SourceDate "2013.09.29"]
[SourceVersion "1"]
[SourceVersionDate "2013.12.25"]
[SourceQuality "1"]

1. e4 c5 2. Nf3 d6 3. d4 cxd4 4. Nxd4 Nf6 5. Nc3 Nc6 6. Bg5 e6 7. Qd2 a6 8.
O-O-O h6 9. Bxf6 Qxf6 10. Nxc6 bxc6 11. f4 Qd8 12. Bc4 Rb8 13. h4 d5 14. exd5
cxd5 15. Bxd5 exd5 16. Rhe1+ Be7 17. Nxd5 Be6 18. Nxe7 Qxd2+ 19. Rxd2 Kxe7 20.
f5 Rb6 21. Rde2 Rc8 22. fxe6 fxe6 23. Re4 Rc5 24. c4 Rf5 25. R1e2 g5 26. Kc2
gxh4 27. Rxh4 h5 28. Rhe4 Rg5 29. Re5 Kf6 30. Rxg5 Kxg5 31. Re5+ Kf4 32. Rxh5
e5 33. c5 Rg6 34. Rh4+ Kf5 35. b4 Rxg2+ 36. Kb3 e4 37. c6 Rg7 38. Kc4 e3 39.
Kd5 Re7 40. Rh1 e2 41. Re1 Re5+ 42. Kd6 Re6+ 43. Kd7 Re4 44. c7 Rd4+ 45. Kc6
Rc4+ 46. Kb6 Kf6 47. a3 1-0

[Event "21. Torneo San Viator 2013"]
[Site "Madrid ESP"]
[Date "2013.10.27"]
[Round "6.6"]
[White "Villanueva Ortega, Ruben"]
[Black "Lopez Ziegler, Carlos"]
[Result "0-1"]
[WhiteElo "1782"]
[BlackElo "1944"]
[PlyCount "40"]
[EventDate "2013.09.29"]
[EventType "swiss"]
[EventRounds "9"]
[EventCountry "ESP"]
[SourceTitle "Ajedrez en Madrid"]
[Source "lmi"]
[SourceDate "2013.09.29"]
[SourceVersion "1"]
[SourceVersionDate "2013.12.25"]
[SourceQuality "1"]

1. e4 c5 2. Nc3 g6 3. g3 Bg7 4. d3 Nc6 5. Be3 d6 6. Qd2 Nd4 7. Bg2 Nf6 8. h3
O-O 9. Bh6 Bxh6 10. Qxh6 Nxc2+ 11. Kd2 Nxa1 12. Nf3 Be6 13. Ng5 Qb6 14. Kc1 c4
15. Rf1 cxd3 16. h4 Rfc8 17. h5 d2+ 18. Kb1 Rxc3 19. hxg6 Rc2 20. gxh7+ Kh8 0-1

[Event "21. Torneo San Viator 2013"]
[Site "Madrid ESP"]
[Date "2013.10.27"]
[Round "6.7"]
[White "Vallejo Nuno, Jorge"]
[Black "Garcia Sanjuan, Jose"]
[Result "1/2-1/2"]
[WhiteElo "2068"]
[BlackElo "1857"]
[PlyCount "33"]
[EventDate "2013.09.29"]
[EventType "swiss"]
[EventRounds "9"]
[EventCountry "ESP"]
[SourceTitle "Ajedrez en Madrid"]
[Source "lmi"]
[SourceDate "2013.09.29"]
[SourceVersion "1"]
[SourceVersionDate "2013.12.25"]
[SourceQuality "1"]

1. e4 b6 2. d4 Bb7 3. Nc3 g6 4. Nf3 Bg7 5. Bc4 e6 6. O-O Nc6 7. Re1 Na5 8. Bf1
d5 9. exd5 Bxd5 10. Nxd5 Qxd5 11. c4 Nxc4 12. Qa4+ b5 13. Bxc4 Qxc4 14. Qxc4
bxc4 15. Be3 Ne7 16. Rac1 O-O 17. Rxc4 1/2-1/2

[Event "21. Torneo San Viator 2013"]
[Site "Madrid ESP"]
[Date "2013.10.27"]
[Round "6.8"]
[White "Luque Ibanez, Manuel"]
[Black "Jimenez Gonzalez, Marcos"]
[Result "1-0"]
[WhiteElo "2021"]
[BlackElo "1847"]
[PlyCount "77"]
[EventDate "2013.09.29"]
[EventType "swiss"]
[EventRounds "9"]
[EventCountry "ESP"]
[SourceTitle "Ajedrez en Madrid"]
[Source "lmi"]
[SourceDate "2013.09.29"]
[SourceVersion "1"]
[SourceVersionDate "2013.12.25"]
[SourceQuality "1"]

1. e4 e6 2. d4 d5 3. e5 c5 4. Qg4 Nc6 5. Nf3 cxd4 6. Bd3 Nge7 7. Qg3 Bd7 8. a3
Ng6 9. O-O Be7 10. Nbd2 Qc7 11. Re1 f5 12. Bxf5 exf5 13. e6 Qxg3 14. exd7+ Kxd7
15. hxg3 Bf6 16. Nb3 b6 17. Bg5 Bxg5 18. Nxg5 f4 19. gxf4 Nxf4 20. Nf3 Rae8 21.
Nbxd4 Nxd4 22. Nxd4 Ne6 23. Re5 Nc7 24. Rae1 Rxe5 25. Rxe5 Kd6 26. f4 g6 27.
Kf2 h5 28. Rg5 Kc5 29. Nb3+ Kc4 30. Rxg6 Rh7 31. Rc6+ Kb5 32. Nd4+ Ka4 33. b3+
Kxa3 34. Rxc7 Rxc7 35. Nb5+ Kb2 36. Nxc7 d4 37. Nb5 Kxc2 38. Nxd4+ Kd3 39. f5
1-0

[Event "21. Torneo San Viator 2013"]
[Site "Madrid ESP"]
[Date "2013.10.27"]
[Round "6.9"]
[White "Rosa Ramirez, Victor D"]
[Black "Padin Lazaro, Jose Manuel"]
[Result "1-0"]
[WhiteElo "1991"]
[BlackElo "1837"]
[PlyCount "61"]
[EventDate "2013.09.29"]
[EventType "swiss"]
[EventRounds "9"]
[EventCountry "ESP"]
[SourceTitle "Ajedrez en Madrid"]
[Source "lmi"]
[SourceDate "2013.09.29"]
[SourceVersion "1"]
[SourceVersionDate "2013.12.25"]
[SourceQuality "1"]

1. e4 e6 2. d4 d5 3. e5 c5 4. c3 Nc6 5. Nf3 Qb6 6. a3 Nh6 7. b4 cxd4 8. Bxh6
gxh6 9. cxd4 Bd7 10. Be2 Rc8 11. O-O Bg7 12. b5 Na5 13. a4 O-O 14. Nbd2 Rc3 15.
Rc1 Rfc8 16. Rxc3 Rxc3 17. Qb1 Qc7 18. Bd3 Kh8 19. Re1 Be8 20. h3 Qe7 21. Rc1
Qa3 22. Rxc3 Qxc3 23. Bxh7 f5 24. exf6 Bxf6 25. Bg6 Bd7 26. Bf7 Bxd4 27. Qg6
Qa1+ 28. Kh2 Be5+ 29. g3 Bg7 30. Ng5 hxg5 31. Qh5+ 1-0

[Event "21. Torneo San Viator 2013"]
[Site "Madrid ESP"]
[Date "2013.10.27"]
[Round "6.10"]
[White "Hernandez Mateo, Borja"]
[Black "Luna Hermoso, Angel"]
[Result "0-1"]
[WhiteElo "1805"]
[BlackElo "1979"]
[PlyCount "60"]
[EventDate "2013.09.29"]
[EventType "swiss"]
[EventRounds "9"]
[EventCountry "ESP"]
[SourceTitle "Ajedrez en Madrid"]
[Source "lmi"]
[SourceDate "2013.09.29"]
[SourceVersion "1"]
[SourceVersionDate "2013.12.25"]
[SourceQuality "1"]

1. e4 c5 2. Nc3 d6 3. g3 Nc6 4. Bg2 g6 5. d3 Bg7 6. Nge2 Nf6 7. O-O O-O 8. Kh1
Rb8 9. f4 Bg4 10. h3 Bxe2 11. Nxe2 Ne8 12. g4 f5 13. exf5 gxf5 14. g5 e5 15. h4
d5 16. Ng3 e4 17. dxe4 dxe4 18. Qxd8 Rxd8 19. c3 Rd3 20. Kh2 Nd6 21. Re1 Ne5
22. Nh5 Ng4+ 23. Kg1 Rd8 24. Bf1 Nc4 25. Nxg7 Kxg7 26. b3 Rg3+ 27. Kh1 Nd2 28.
Bg2 Nf3 29. Bxf3 exf3 30. Be3 Rd2 0-1

[Event "21. Torneo San Viator 2013"]
[Site "Madrid ESP"]
[Date "2013.10.27"]
[Round "6.11"]
[White "Navarro Gonzalez, Jaime"]
[Black "Ruiz Sanchez, Roberto"]
[Result "1-0"]
[WhiteElo "1795"]
[BlackElo "1972"]
[PlyCount "71"]
[EventDate "2013.09.29"]
[EventType "swiss"]
[EventRounds "9"]
[EventCountry "ESP"]
[SourceTitle "Ajedrez en Madrid"]
[Source "lmi"]
[SourceDate "2013.09.29"]
[SourceVersion "1"]
[SourceVersionDate "2013.12.25"]
[SourceQuality "1"]

1. e4 c6 2. d4 d5 3. exd5 cxd5 4. c4 Nf6 5. Nc3 e6 6. Bg5 Be7 7. Nf3 O-O 8. Bd3
Nc6 9. a3 b6 10. b4 dxc4 11. Bxc4 Bb7 12. O-O Rc8 13. Qd3 Nd5 14. Bxe7 Ncxe7
15. Ng5 Nf5 16. Bxd5 Bxd5 17. Nxd5 Qxd5 18. Nf3 Rc4 19. Rfd1 Rfc8 20. h3 h6 21.
Rd2 a6 22. Re1 b5 23. Re5 Rc1+ 24. Rd1 Qc4 25. Qd2 Rc2 26. Qe1 Qa2 27. d5 Qxa3
28. dxe6 Rc1 29. exf7+ Kh7 30. Rxf5 Rxd1 31. Qxd1 Rc1 32. Qxc1 Qxc1+ 33. Kh2
Qc7+ 34. Ne5 g6 35. Rf4 Qxe5 36. f8=Q 1-0

[Event "21. Torneo San Viator 2013"]
[Site "Madrid ESP"]
[Date "2013.10.27"]
[Round "6.12"]
[White "Sotoca Aguado, Jose"]
[Black "Rodriguez Orgaz, Cesar"]
[Result "1/2-1/2"]
[WhiteElo "1961"]
[BlackElo "1820"]
[PlyCount "69"]
[EventDate "2013.09.29"]
[EventType "swiss"]
[EventRounds "9"]
[EventCountry "ESP"]
[SourceTitle "Ajedrez en Madrid"]
[Source "lmi"]
[SourceDate "2013.09.29"]
[SourceVersion "1"]
[SourceVersionDate "2013.12.25"]
[SourceQuality "1"]

1. e4 e5 2. Nf3 Nc6 3. Bb5 a6 4. Ba4 Nf6 5. O-O b5 6. Bb3 Be7 7. Re1 O-O 8. c3
d5 9. d3 dxe4 10. dxe4 Qxd1 11. Rxd1 Nxe4 12. Re1 Nf6 13. Nxe5 Nxe5 14. Rxe5
Bd6 15. Re2 h6 16. a4 Bf5 17. axb5 Rfe8 18. Be3 axb5 19. Na3 Bc5 20. h3 c6 21.
Nc2 Rxa1+ 22. Nxa1 Bxe3 23. Rxe3 Rxe3 24. fxe3 c5 25. Bc2 Bxc2 26. Nxc2 Ne4 27.
Kf1 f5 28. Ke2 Kf7 29. Na3 Nd6 30. Kd3 Ke6 31. b3 Ke5 32. c4 bxc4+ 33. bxc4 g5
34. Nb1 Ne4 35. Na3 1/2-1/2

[Event "21. Torneo San Viator 2013"]
[Site "Madrid ESP"]
[Date "2013.10.27"]
[Round "6.13"]
[White "Marcos Herrero, Francisco"]
[Black "Perez Bruni, Alfredo"]
[Result "1-0"]
[WhiteElo "1949"]
[BlackElo "1726"]
[PlyCount "107"]
[EventDate "2013.09.29"]
[EventType "swiss"]
[EventRounds "9"]
[EventCountry "ESP"]
[SourceTitle "Ajedrez en Madrid"]
[Source "lmi"]
[SourceDate "2013.09.29"]
[SourceVersion "1"]
[SourceVersionDate "2013.12.25"]
[SourceQuality "1"]

1. d4 Nf6 2. c4 e5 3. dxe5 Ng4 4. Nf3 Nc6 5. e3 Ngxe5 6. Be2 Bb4+ 7. Nbd2 Nxf3+
8. Bxf3 Ne5 9. Be2 O-O 10. a3 Be7 11. Nf3 d6 12. Qc2 Bf6 13. O-O Bg4 14. Nxe5
Bxe2 15. Nxf7 Rxf7 16. Qxe2 Qd7 17. e4 Re8 18. f3 Bd4+ 19. Be3 Bxe3+ 20. Qxe3
a6 21. Rfd1 Qe6 22. Rac1 Ref8 23. Qd4 Qg6 24. Kh1 b6 25. b4 Kh8 26. c5 dxc5 27.
bxc5 Qh5 28. Qd5 Qh4 29. c6 Rf6 30. Qd7 h6 31. Qxc7 Kh7 32. Qg3 Qxg3 33. hxg3
Rc8 34. c7 Rf7 35. Rd6 Rcxc7 36. Rxc7 Rxc7 37. Rxb6 Ra7 38. a4 Kg8 39. Kg1 a5
40. Kf2 Rc7 41. Rb5 Ra7 42. Ke3 Ra6 43. f4 Kf7 44. e5 Ke6 45. Ke4 g6 46. g4 g5
47. g3 Rc6 48. f5+ Ke7 49. Rb7+ Ke8 50. f6 Rc4+ 51. Kf5 Rxa4 52. e6 Rb4 53.
Rxb4 axb4 54. Ke4 1-0

[Event "21. Torneo San Viator 2013"]
[Site "Madrid ESP"]
[Date "2013.10.27"]
[Round "6.14"]
[White "Garcia Martin, Esteban"]
[Black "Lianes Garcia, Marcos"]
[Result "0-1"]
[WhiteElo "1892"]
[BlackElo "1775"]
[PlyCount "116"]
[EventDate "2013.09.29"]
[EventType "swiss"]
[EventRounds "9"]
[EventCountry "ESP"]
[SourceTitle "Ajedrez en Madrid"]
[Source "lmi"]
[SourceDate "2013.09.29"]
[SourceVersion "1"]
[SourceVersionDate "2013.12.25"]
[SourceQuality "1"]

1. c4 g6 2. Nc3 Bg7 3. g3 d6 4. Bg2 Nf6 5. e4 O-O 6. Nge2 c5 7. d3 Nc6 8. O-O
Bd7 9. h3 Rb8 10. Be3 a6 11. a4 Ne8 12. Kh2 Nc7 13. d4 cxd4 14. Nxd4 Ne6 15.
Nxc6 bxc6 16. Rb1 Qa5 17. Bd2 Qc5 18. b3 Qa3 19. Ne2 Qc5 20. Be3 Qb4 21. Bd2
Qb6 22. b4 Qa7 23. Bc3 Bxc3 24. Nxc3 Qd4 25. Qxd4 Nxd4 26. Rfd1 e5 27. Bf1 f5
28. Rb2 Be6 29. Rdb1 f4 30. b5 axb5 31. axb5 cxb5 32. cxb5 Rfc8 33. Nd5 Bxd5
34. exd5 fxg3+ 35. fxg3 Rb6 36. Kg2 Rc5 37. h4 Nf5 38. Rb3 Nd4 39. Rb4 Nc2 40.
R4b3 Nd4 41. Rb4 Kg7 42. R1b2 Nf5 43. Rd2 Ne3+ 44. Kf2 Nxf1 45. Kxf1 Rcxb5 46.
Rc4 Rb1+ 47. Kf2 R1b2 48. Rxb2 Rxb2+ 49. Kf3 Rb3+ 50. Kg4 Rd3 51. h5 Rd4+ 52.
Rxd4 exd4 53. hxg6 hxg6 54. Kf4 Kf6 55. Ke4 d3 56. Kxd3 Ke5 57. Kc4 Ke4 58. g4
g5 0-1

[Event "21. Torneo San Viator 2013"]
[Site "Madrid ESP"]
[Date "2013.10.27"]
[Round "6.15"]
[White "Yeves Miquel, Enrique"]
[Black "Crespo Villalba, Israel"]
[Result "0-1"]
[WhiteElo "1713"]
[BlackElo "1886"]
[PlyCount "126"]
[EventDate "2013.09.29"]
[EventType "swiss"]
[EventRounds "9"]
[EventCountry "ESP"]
[SourceTitle "Ajedrez en Madrid"]
[Source "lmi"]
[SourceDate "2013.09.29"]
[SourceVersion "1"]
[SourceVersionDate "2013.12.25"]
[SourceQuality "1"]

1. d4 Nf6 2. c4 g6 3. Nc3 Bg7 4. e4 d6 5. h3 O-O 6. Bg5 c6 7. Bd3 Nbd7 8. Nge2
e5 9. d5 cxd5 10. cxd5 Nc5 11. Bc2 Qa5 12. O-O h6 13. Be3 a6 14. a3 Ncd7 15.
Qd2 Kh7 16. Rfc1 Ng8 17. g4 Qd8 18. Ng3 b5 19. Kg2 Nb6 20. b3 Ne7 21. Rh1 Bb7
22. f3 Rc8 23. Rac1 Nd7 24. h4 Qa5 25. Nb1 Qxd2+ 26. Bxd2 Nf6 27. Bd3 Rfd8 28.
Ba5 Rd7 29. Rxc8 Bxc8 30. Rc1 Ne8 31. h5 Bf8 32. Nc3 Rb7 33. Nce2 Bd7 34. hxg6+
fxg6 35. Rc2 Ng8 36. Nc1 Be7 37. Bd2 Bd8 38. Be3 Ngf6 39. Na2 a5 40. g5 Ng8 41.
gxh6 Nxh6 42. Rc1 Kg7 43. Be2 Nf7 44. Rc2 Nc7 45. b4 Na6 46. Rb2 axb4 47. Nxb4
Nxb4 48. axb4 Ng5 49. Ra2 Nh3 50. Ra7 Rxa7 51. Bxa7 Nf4+ 52. Kf2 Bh4 53. Bf1
Nh5 54. Kg2 Nxg3 55. Bd3 Nh5 56. Bf1 Nf4+ 57. Kg1 Be1 58. Be3 Bxb4 59. Bc1 Bc5+
60. Kh2 b4 61. Bb2 Ba4 62. Kg3 Nh5+ 63. Kg4 Bd7+ 0-1

[Event "21. Torneo San Viator 2013"]
[Site "Madrid ESP"]
[Date "2013.10.27"]
[Round "6.18"]
[White "Leniz Martinez, Francisco"]
[Black "Gonzalez Mateos, Rafael"]
[Result "0-1"]
[WhiteElo "1779"]
[BlackElo "2006"]
[PlyCount "33"]
[EventDate "2013.09.29"]
[EventType "swiss"]
[EventRounds "9"]
[EventCountry "ESP"]
[SourceTitle "Ajedrez en Madrid"]
[Source "lmi"]
[SourceDate "2013.09.29"]
[SourceVersion "1"]
[SourceVersionDate "2013.12.25"]
[SourceQuality "1"]

1. c4 e5 2. g3 f5 3. Bg2 c6 4. a3 d6 5. d3 Nf6 6. Nc3 Be7 7. e3 O-O 8. Nge2 Be6
9. Qb3 Qc7 10. O-O Nbd7 11. d4 Rab8 12. d5 Bf7 13. Qd1 Nb6 14. b3 cxd5 15. cxd5
e4 16. Bb2 Nfxd5 17. Nb5 0-1